15 Largest Countries In The World By Area - Statistics

General Stats
  • This quiz has been taken 43 times
  • The average score is 14 of 15
Answer Stats
Hint Answer % Correct
2. Canada
100%
1. Russia
100%
6. Australia
97%
5. Brazil
97%
3. China
97%
7. India
97%
4. USA
97%
10. Algeria
94%
8. Argentina
94%
9. Kazakhstan
85%
13. Mexico
85%
12. Saudi Arabia
85%
14. Indonesia
82%
15. Sudan
79%
11. DRC
67%
No matching quizzes found
Score Distribution
Percent of People with Each Score
Percentile by Number Answered
Your Score History
You have not taken this quiz